Cost Accounting: Analysis and Control. (Record no. 1623)
[ view plain ]
| 005 - DATE AND TIME OF LATEST TRANSACTION | |
|---|---|
| control field | 20250423115054.0 |
| 020 ## - INTERNATIONAL STANDARD BOOK NUMBER | |
| International Standard Book Number | 0-333-36070-2 |
| 082 ## - DEWEY DECIMAL CLASSIFICATION NUMBER | |
| Classification number | 657.4 LAY |
| 100 ## - MAIN ENTRY--PERSONAL NAME | |
| Author name | LAYNE, W. A. |
| 245 ## - TITLE STATEMENT | |
| Title | Cost Accounting: Analysis and Control. |
| 260 ## - PUBLICATION, DISTRIBUTION, ETC. | |
| Place of publication, distribution, etc. | England, |
| Name of publisher, distributor, etc. | Macmillan |
| Date of publication, distribution, etc. | 1984. |
| 300 ## - PHYSICAL DESCRIPTION | |
| Extent | xv, 332p.: ill.; figure, table |
| Other physical details | Index |
| Dimensions | 24cm |
| 700 ## - ADDED ENTRY--PERSONAL NAME | |
| Other authors/Editors | RICKWOOD, C. |
| 942 ## - ADDED ENTRY ELEMENTS (KOHA) | |
| Source of classification or shelving scheme | Dewey Decimal Classification |
| Koha item type | Books |
| Date last seen | Total checkouts | Full call number | Barcode | Cost, replacement price | Price effective from | Koha item type | Lost status | Source of classification or shelving scheme | Damaged status | Not for loan | Withdrawn status | Home library | Current library | Shelving location | Date acquired | Cost, normal purchase price |
|---|---|---|---|---|---|---|---|---|---|---|---|---|---|---|---|---|
| 04/23/2025 | 657.4 LAY | 0000006177 | 30000.00 | 04/23/2025 | Books | Dewey Decimal Classification | College of Business Education Main Library | College of Business Education Main Library | General Collection | 04/23/2025 | 10000.00 | |||||
| 04/25/2025 | 657.42 LAY | 0000006233 | 30000.00 | 04/25/2025 | Books | Dewey Decimal Classification | College of Business Education Main Library | College of Business Education Main Library | General Collection | 04/25/2025 | 10000.00 |
